Văn hóa dân gian người Thái đen Mường Lò Quyển 1
v.v...
Đã lưu trong:
| Tác giả chính: | |
|---|---|
| Định dạng: | Sách |
| Năm xuất bản: |
H.
Mỹ thuật
2016
|
| Chủ đề: | |
| Tags: |
Thêm thẻ
Không có thẻ, Hãy là người đầu tiên gắn thẻ bản ghi này!
|
| LEADER | 00708nam a2200181 4500 | ||
|---|---|---|---|
| 999 | |c 14193 |d 14193 | ||
| 082 | |a 398.09597157 |b V114'h | ||
| 100 | |a Nguyễn Mạnh Hùng chủ biên | ||
| 245 | |a Văn hóa dân gian người Thái đen Mường Lò |c Nguyễn Mạnh Hùng chủ biên, Trần Văn Hạc, Hoàng Việt Quân,... |n Quyển 1 | ||
| 260 | |a H. |b Mỹ thuật |c 2016 | ||
| 300 | |a 743tr. |c 21cm | ||
| 520 | |a v.v... | ||
| 653 | |a Văn hóa dân gian | ||
| 653 | |a Người Thái Đen | ||
| 653 | |a Mường Lò | ||
| 653 | |a Yên Bái | ||
| 942 | |2 ddc |c SH | ||
| 952 | |0 0 |1 0 |2 ddc |4 0 |6 398_095971570000000_V114H |7 0 |8 300 |9 111172 |a qbu |b qbu |c D2 |d 2017-07-05 |g 148000 |o 398.09597157 V114'h |p 12488.c1 |r 2017-07-05 |w 2017-07-05 |y SH | ||